| 000 | 00735nam a2200229 a 4500 | ||
|---|---|---|---|
| 005 | 20210223123952.0 | ||
| 008 | 991125n 000 0 spa u | ||
| 035 | _aUPN01000088533 | ||
| 100 | 1 |
_aAlvarez Mendiola, Germán _930737 |
|
| 222 | _aFORO UNIVERSITARIO | ||
| 245 | _aEl movimiento estudiantil en la UNAM: la consumación de la crisis del movimiento cogobiernista : 1973-1974 | ||
| 300 | _a59-68 | ||
| 362 | 0 | _a1986 Año 6, no. 65, abr. | |
| 653 | 0 | _aUNIVERSIDAD NACIONAL DE INGENIERIA (NICARAGUA) | |
| 653 | 0 | _aGONZALEZ CASANOVA, PABLO, 1922- | |
| 653 | 0 | _aMOVIMIENTO ESTUDIANTIL | |
| 653 | 0 | _aPOLITICA EDUCATIVA | |
| 653 | 0 | _aCRISIS UNIVERSITARIA | |
| 653 | 0 | _aUNAM | |
| 904 |
_aAC _b026344 |
||
| 905 | _aArticulo | ||
| 999 |
_c73065 _d73065 |
||